Through my spectacles in Uganda : (Record no. 13364)

MARC details
000 -LEADER
fixed length control field 00606nam a22001932 4500
001 - CONTROL NUMBER
control field 0000011735
005 - DATE AND TIME OF LATEST TRANSACTION
control field 20151217155846.0
008 - FIXED-LENGTH DATA ELEMENTS--GENERAL INFORMATION
fixed length control field 090106s xx 000 0 eng d
040 ## - CATALOGING SOURCE
Original cataloging agency KABU
Transcribing agency KABU
100 1# - MAIN ENTRY--PERSONAL NAME
Personal name Hall, Martin J.
-- 0000167731
245 10 - TITLE STATEMENT
Title Through my spectacles in Uganda :
Remainder of title or the story of a fruitful field /
Statement of responsibility, etc. Martin J. Hall.
250 ## - EDITION STATEMENT
Edition statement 1st ed.
260 ## - PUBLICATION, DISTRIBUTION, ETC. (IMPRINT)
Place of publication, distribution, etc. London :
Name of publisher, distributor, etc. C. M. S.,
Date of publication, distribution, etc. 1898.
300 ## - PHYSICAL DESCRIPTION
Extent viii, 104 p.
651 #0 - SUBJECT ADDED ENTRY--GEOGRAPHIC NAME
Geographic name Uganda
General subdivision Description and travel.
-- 0000161347
852 1# - LOCATION
-- p200 KES
908 ## - PUT COMMAND PARAMETER (RLIN)
Put command parameter 090106
950 ## - LOCAL HOLDINGS (RLIN)
-- 1
Holdings
Withdrawn status Lost status Source of classification or shelving scheme Not for loan Home library Current library Date acquired Total Checkouts Full call number Barcode Date last seen Price effective from Koha item type
    Library of Congress Classification   Kabarak, Main Campus Kabarak, Main Campus 17/12/2015   DT433.227 .H35 c. 1 15792 17/12/2015 17/12/2015 Africana Collection
Designed with assistance from East African Informatics Ltd